| 000 | 00623nam a2200217 4500 | ||
|---|---|---|---|
| 001 | 140328 | ||
| 003 | ES-MaACL | ||
| 005 | 20230906200045.0 | ||
| 007 | t| | ||
| 008 | 070214s1983 sp r ||||1| spa d | ||
| 020 | _a84-254-1285-4 | ||
| 100 | 1 |
_aSchutze, Gerd. _9104840 |
|
| 245 | 1 | 0 |
_aAnorexia mental / _cGerd Schutze ; versión de Diorki. |
| 260 |
_aBarcelona : _bHerder, _c1983. |
||
| 300 |
_a217 p. ; _c22 cm. |
||
| 490 | 1 |
_aBiblioteca de psicología ; _v117 |
|
| 710 | 2 |
_aDiorki. _93392 |
|
| 830 | 0 |
_aBiblioteca de psicología ; _v117 _9180745 |
|
| 852 |
_aES-MaACL _jL-11444 _bR.113126 |
||
| 999 |
_c140328 _d140328 |
||